[Event "Titled Tuesday intern op 15th Nov Early"]
[Site "Chess.com INT"]
[Date "2022.11.15"]
[Round "3"]
[White "Zhigalko, Sergei"]
[Black "Parligras, Mircea Emilian"]
[Result "0-1"]
[WhiteElo "2572"]
[BlackElo "2567"]
[PlyCount "106"]
[EventDate "2022.11.15"]
[EventType "swiss (blitz)"]
[EventRounds "11"]
[EventCountry "USA"]
[SourceTitle "Mega2023 Update 03"]
[Source "Chessbase"]
[SourceDate "2022.11.29"]
[SourceVersion "1"]
[SourceVersionDate "2022.11.29"]
[SourceQuality "1"]

1. e4 e5 2. Nf3 Nc6 3. Bb5 Nf6 4. O-O Nxe4 5. d4 Nd6 6. Bxc6 dxc6 7. dxe5 Nf5 8. Qxd8+ Kxd8 9. Nc3 Ke8 10. h3 Be7 11. g4 Nh4 12. Nxh4 Bxh4 13. Kg2 Be7 $5 {[%mdl 4] Exploring less charted territory. Erkundet wenig bekanntes Terrain.} 14. Be3 h5 15. f3 b6 16. Rad1 Be6 17. Ne2 hxg4 18. hxg4 Rd8 19. Nf4 Rxd1 20. Rxd1 Bd7 21. Nh5 $146 ({Vorgänger:} 21. Re1 Rh7 22. Bf2 Bg5 23. Nh3 Be7 24. Bg3 Kd8 25. Nf4 Rh6 26. Nh5 Rh7 27. Bf2 {1-0 (55) Bacrot,E (2709)-Wegerle,J (2451) Ohrid 2009}) 21... Rh7 22. a4 a5 23. b3 c5 24. c4 Bc6 25. Kg3 f5 26. exf6 gxf6 27. Bf4 Bd8 28. Rd2 Rd7 29. Kf2 Rxd2+ 30. Bxd2 Kf7 31. Ng3 Be7 32. Bf4 Bd6 33. Ke3 Ke6 34. Nf5 Bd7 35. Ng7+ Ke7 36. Nh5 Be8 37. Ng3 Bg6 38. Ne4 Ke6 39. Bxd6 cxd6 40. f4 f5 41. gxf5+ Bxf5 42. Kf3 d5 43. Ng5+ Kd6 44. cxd5 Kxd5 45. Ke3 Bc2 46. Nf3 Bxb3 47. f5 Bxa4 48. Kf4 Be8 49. Ne5 a4 50. f6 Ke6 51. f7 Bxf7 52. Nc4 b5 53. Nb6 a3 0-1

[Event "Titled Tuesday intern op 15th Nov Early"]
[Site "Chess.com INT"]
[Date "2022.11.15"]
[Round "5"]
[White "Zhigalko, Sergei"]
[Black "Fecker, Noah"]
[Result "1/2-1/2"]
[WhiteElo "2572"]
[BlackElo "2371"]
[PlyCount "148"]
[EventDate "2022.11.15"]
[EventType "swiss (blitz)"]
[EventRounds "11"]
[EventCountry "USA"]
[SourceTitle "Mega2023 Update 03"]
[Source "Chessbase"]
[SourceDate "2022.11.29"]
[SourceVersion "1"]
[SourceVersionDate "2022.11.29"]
[SourceQuality "1"]

1. e4 g6 2. d4 d6 3. Nc3 a6 4. Nf3 Bg7 5. Be3 b5 6. a4 b4 7. Ne2 $1 {[%mdl 4] outshines the older 7.Nd5. erfolgreicher als das alte 7.Sd5.} Bb7 8. Ng3 Nf6 9. Bd3 Kf8 $146 ({Vorgänger:} 9... a5 10. c3 Na6 11. O-O O-O 12. h3 c5 13. Qe2 bxc3 14. bxc3 cxd4 15. cxd4 Nb4 {1-0 (92) Carlsen,M (2863)-Nepomniachtchi,I (2784) chess24.com INT 2020}) 10. O-O Nbd7 11. c3 a5 12. Re1 c5 13. e5 Nd5 14. e6 fxe6 15. Ng5 Nc7 16. dxc5 Nxc5 17. Bc4 bxc3 18. bxc3 h6 19. Bxc5 dxc5 20. Qb3 Rb8 21. Nxe6+ Nxe6 22. Bxe6 Bf6 23. Rad1 Qc7 24. Qc4 Kg7 25. h4 Rbd8 26. h5 Qc6 27. f3 Rxd1 28. Rxd1 Bc8 29. Bxc8 Qxc8 30. hxg6 Kxg6 31. Qe4+ Kf7 32. Re1 Rg8 33. Nf5 Rg6 34. Kf1 Qa6+ 35. c4 Qc8 36. g4 Qd7 37. Kf2 Qd2+ 38. Re2 Bd4+ 39. Nxd4 Qxd4+ 40. Qxd4 cxd4 41. Re4 Rb6 42. Rxd4 Rb4 43. Ke3 Rxa4 44. f4 Ra1 45. Rd5 a4 46. Ra5 a3 47. Kd4 Rf1 48. Rxa3 Rxf4+ 49. Kd5 Rxg4 50. c5 Rg5+ 51. Kc6 Ke8 52. Ra8+ Kf7 53. Rh8 Rg6+ 54. Kb7 Ke6 55. c6 Rg1 56. c7 Rb1+ 57. Kc8 Kd6 58. Rxh6+ e6 59. Kd8 Rg1 60. Rh8 Rc1 61. c8=Q Rxc8+ 62. Kxc8 e5 63. Re8 Kd5 64. Kd7 e4 65. Ke7 Ke5 66. Kd7+ Kd5 67. Ke7 Ke5 68. Ra8 e3 69. Ra4 e2 70. Ra1 Ke4 71. Ke6 Ke3 72. Ke5 Kf2 73. Ra2 Kf1 74. Rxe2 Kxe2 1/2-1/2

[Event "Titled Tuesday intern op 15th Nov Early"]
[Site "Chess.com INT"]
[Date "2022.11.15"]
[Round "9"]
[White "Gheorghiu, Calin"]
[Black "Zhigalko, Sergei"]
[Result "1-0"]
[WhiteElo "2300"]
[BlackElo "2572"]
[PlyCount "103"]
[EventDate "2022.11.15"]
[EventType "swiss (blitz)"]
[EventRounds "11"]
[EventCountry "USA"]
[SourceTitle "Mega2023 Update 03"]
[Source "Chessbase"]
[SourceDate "2022.11.29"]
[SourceVersion "1"]
[SourceVersionDate "2022.11.29"]
[SourceQuality "1"]

1. d4 Nf6 2. Bf4 e6 3. e3 d5 4. Nd2 Bd6 5. Ngf3 O-O 6. Ne5 c5 7. c3 Nc6 8. Bd3 Qc7 9. Ndf3 h6 {9...cxd4 is a critical line. 9...cxd4 ist die kritische Fortsetzung.} 10. g4 Nd7 11. g5 cxd4 $146 ({Vorgänger:} 11... Ndxe5 12. dxe5 Nxe5 13. Nxe5 Bxe5 14. gxh6 Bxf4 15. hxg7 Kxg7 16. Qg4+ Kf6 17. exf4 Ke7 {½-½ (28) Oezen,A (1981)-Fuhlrott,T (1856) Dortmund 2017}) 12. Nxc6 bxc6 13. Bxd6 Qxd6 14. gxh6 g6 15. exd4 e5 16. dxe5 Re8 17. h7+ Kg7 18. Qe2 Nxe5 19. O-O-O Bg4 20. h8=Q+ Rxh8 21. Qxe5+ Qxe5 22. Nxe5 Bxd1 23. Kxd1 Rac8 24. h4 Rh5 25. Nf3 c5 26. Re1 Kf6 27. Kd2 Rb8 28. b3 a5 29. Bc2 Rhh8 30. Re5 Rbd8 31. Bd3 Rxh4 32. Rxd5 Rxd5 33. Nxh4 g5 34. Ng2 Rd8 35. Ne3 Ke5 36. Ke2 Kf4 37. Bc4 f5 38. Nd5+ Ke5 39. Ne3 g4 40. Bd3 f4 41. Nxg4+ Ke6 42. Nh2 Rh8 43. Nf3 Rh1 44. Be4 Ra1 45. a4 Rc1 46. Kd3 Rf1 47. Ke2 Rc1 48. c4 Rc3 49. Nd2 Ke5 50. Bd5 Kd6 51. Ne4+ Ke5 52. Nxc3 1-0

[Event "Titled Tuesday intern op 15th Nov Late"]
[Site "Chess.com INT"]
[Date "2022.11.15"]
[Round "4"]
[White "Jarocka, Liwia"]
[Black "Zhigalko, Sergei"]
[Result "0-1"]
[WhiteElo "2161"]
[BlackElo "2572"]
[PlyCount "60"]
[EventDate "2022.11.15"]
[EventType "swiss (blitz)"]
[EventRounds "11"]
[EventCountry "USA"]
[SourceTitle "Mega2023 Update 03"]
[Source "Chessbase"]
[SourceDate "2022.11.29"]
[SourceVersion "1"]
[SourceVersionDate "2022.11.29"]
[SourceQuality "1"]

1. e4 c5 2. Nf3 Nc6 3. d4 cxd4 4. Nxd4 Nf6 5. Nc3 e5 6. Ndb5 d6 7. Bg5 a6 8. Na3 b5 9. Nd5 Be7 10. Bxf6 Bxf6 11. c4 b4 12. Nc2 O-O 13. g3 a5 14. Bg2 Bg5 {14...g6 gains popularity. 14...g6 wird beliebter.} 15. h4 Bh6 16. O-O Be6 17. b3 Rb8 18. Nce3 g6 19. h5 $146 ({Vorgänger:} 19. Qd3 Bg7 20. Rac1 Nd4 21. Nc2 Nxc2 22. Qxc2 Rc8 23. Qd2 f5 24. Bh3 Rc5 25. exf5 gxf5 {1-0 (45) Turkova,K (1787)-Saric,Z (2072) Pardubice 2009}) 19... Nd4 20. Nc2 Nxc2 21. Qxc2 Bxd5 22. cxd5 Rc8 23. Qe2 Rc3 24. hxg6 hxg6 25. Rfd1 Qb6 26. Bh3 Rxg3+ 27. Kh2 Rc3 28. Rd3 Rxd3 29. Qxd3 Qxf2+ 30. Kh1 Bf4 0-1

[Event "Titled Tuesday intern op 15th Nov Late"]
[Site "Chess.com INT"]
[Date "2022.11.15"]
[Round "8"]
[White "Svane, Rasmus"]
[Black "Zhigalko, Sergei"]
[Result "1-0"]
[WhiteElo "2619"]
[BlackElo "2572"]
[PlyCount "95"]
[EventDate "2022.11.15"]
[EventType "swiss (blitz)"]
[EventRounds "11"]
[EventCountry "USA"]
[SourceTitle "Mega2023 Update 03"]
[Source "Chessbase"]
[SourceDate "2022.11.29"]
[SourceVersion "1"]
[SourceVersionDate "2022.11.29"]
[SourceQuality "1"]

1. Nf3 d5 2. g3 Nf6 3. Bg2 Bf5 4. c4 c6 5. Qb3 Qc8 6. O-O e6 7. d3 Nbd7 8. cxd5 exd5 9. Nc3 Be7 10. Qc2 $5 {[%mdl 4] An interesting side line. Eine interessante Nebenvariante.} h6 $146 ({Vorgänger:} 10... Nc5 11. b4 Ne6 12. Rb1 O-O 13. Qb2 d4 14. Na4 Nd5 15. b5 Rd8 16. bxc6 bxc6 {0-1 (35) Mikhalevski,V (2535)-Wheeler,C (2369) Las Vegas 2015}) 11. e4 dxe4 12. dxe4 Bh7 13. Be3 O-O 14. h3 Re8 15. Rfe1 Bb4 16. Nd2 Nc5 17. Bd4 Ncd7 18. a3 Bc5 19. Nb3 Bxd4 20. Nxd4 Qc7 21. Re3 Rad8 22. Rae1 Ne5 23. Nb3 Qb6 24. R3e2 Nd3 25. Rd1 Ne5 26. Rde1 Nd3 27. Rd1 Ne5 28. Rf1 Rd3 29. Kh1 Red8 30. Nc1 R3d7 31. Rfe1 Nh5 32. Na4 Qb5 33. Nc5 Rd4 34. b4 a5 35. N5b3 Rc4 36. Qb2 a4 37. Nc5 b6 38. Qxe5 bxc5 39. Qxh5 Rxc1 40. Rxc1 Bg6 41. Qf3 cxb4 42. axb4 Qxb4 43. Qc3 Qb5 44. Rb2 Qa6 45. Qxc6 Qa7 46. Qc7 Qa8 47. Ra2 Rd4 48. Qc8+ 1-0

[Event "Titled Tuesday intern op 22nd Nov Early"]
[Site "Chess.com INT"]
[Date "2022.11.22"]
[Round "2"]
[White "Zhigalko, Sergei"]
[Black "Gurevich, Dmitry"]
[Result "1-0"]
[WhiteElo "2572"]
[BlackElo "2396"]
[PlyCount "37"]
[EventDate "2022.11.22"]
[EventType "swiss (blitz)"]
[EventRounds "11"]
[EventCountry "USA"]
[SourceTitle "Mega2023 Update 04"]
[Source "Chessbase"]
[SourceDate "2022.12.03"]
[SourceVersion "1"]
[SourceVersionDate "2022.12.03"]
[SourceQuality "1"]

1. e4 c5 2. Nf3 d6 3. d4 cxd4 4. Qxd4 a6 5. Bc4 e6 6. Nc3 (6. Bf4 Nf6 7. Qd3 b5 8. Bb3 Bb7 9. Nbd2 Be7 10. a4 b4 11. O-O O-O 12. Rad1 d5 13. e5 Ne4 14. Nxe4 dxe4 {1-0 (35) Zhigalko,S (2572)-Gurevich,D (2371) Chess.com INT 2022}) 6... Nf6 7. Qd3 $5 {[%mdl 4] Leaves trodden paths. Verlässt die ausgetretenen Pfade.} Nbd7 $146 ({Predecessor:} 7... Qc7 8. Bf4 Nbd7 9. O-O-O Ng4 10. Bg3 Be7 11. Bb3 Nge5 12. Qe2 b5 13. Nd4 Nc5 {0-1 (29) Estrada Nieto,J (2263)-Sapunov,E (2461) Chess.com INT 2022}) 8. Bf4 Nc5 9. Qe3 b5 10. Bb3 Bb7 11. e5 Ng4 12. Qe2 Bxf3 13. Qxf3 Nxe5 14. Bxe5 dxe5 15. Qc6+ Nd7 16. O-O-O Rc8 17. Qxa6 b4 18. Rxd7 Qxd7 19. Ba4 1-0

[Event "Titled Tuesday intern op 22nd Nov Early"]
[Site "Chess.com INT"]
[Date "2022.11.22"]
[Round "6"]
[White "Deac, Bogdan Daniel"]
[Black "Zhigalko, Sergei"]
[Result "1-0"]
[WhiteElo "2700"]
[BlackElo "2572"]
[PlyCount "79"]
[EventDate "2022.11.22"]
[EventType "swiss (blitz)"]
[EventRounds "11"]
[EventCountry "USA"]
[SourceTitle "Mega2023 Update 04"]
[Source "Chessbase"]
[SourceDate "2022.12.03"]
[SourceVersion "1"]
[SourceVersionDate "2022.12.03"]
[SourceQuality "1"]

1. d4 Nf6 2. Bf4 e6 3. e3 b6 4. c4 Bb7 5. Nc3 Bb4 6. Nge2 d5 7. a3 Be7 8. cxd5 exd5 9. g3 O-O 10. Bg2 Nbd7 11. O-O c6 12. h3 Re8 13. g4 Nf8 14. Ng3 Ne6 15. Be5 Nd7 16. Nf5 Nxe5 17. dxe5 Bf8 18. f4 f6 19. exf6 Qxf6 20. e4 dxe4 21. Nxe4 Bc5+ 22. Kh1 Qxb2 23. Qd7 Ba6 24. Rfb1 Qc2 25. Rc1 Qd3 26. Nxc5 bxc5 27. Qxd3 Bxd3 28. Bxc6 c4 29. Bxa8 Rxa8 30. Nd6 Nxf4 31. Nxc4 Re8 32. Nd6 Rd8 33. Rc8 Be4+ 34. Kh2 Rxc8 35. Nxc8 a6 36. Nd6 Bd5 37. Rc1 Kf8 38. Rc7 h6 39. Ra7 Nd3 40. Rxa6 1-0

[Event "Titled Tuesday intern op 22nd Nov Early"]
[Site "Chess.com INT"]
[Date "2022.11.22"]
[Round "7"]
[White "Xiong, Jeffery"]
[Black "Zhigalko, Sergei"]
[Result "1-0"]
[WhiteElo "2692"]
[BlackElo "2572"]
[PlyCount "67"]
[EventDate "2022.11.22"]
[EventType "swiss (blitz)"]
[EventRounds "11"]
[EventCountry "USA"]
[SourceTitle "Mega2023 Update 04"]
[Source "Chessbase"]
[SourceDate "2022.12.03"]
[SourceVersion "1"]
[SourceVersionDate "2022.12.03"]
[SourceQuality "1"]

1. e4 c5 2. Nf3 Nc6 3. Nc3 Nf6 4. Bb5 Qc7 5. O-O Nd4 6. Re1 a6 7. Bf1 e5 8. Nd5 (8. a4 d6 9. h3 Be7 10. Bc4 O-O 11. d3 h6 12. Nh2 Rb8 13. a5 Nc6 14. Bd2 Nxa5 15. Nd5 Nxd5 16. Bxa5 b6 17. Bxd5 bxa5 {0-1 (74) Xiong,J (2688)-Zhigalko,S (2572) Chess.com INT 2022}) 8... Nxd5 9. exd5 d6 {9...Bd6 is vanishing. 9...Ld6 scheint zu verschwinden.} 10. b4 $5 {[%mdl 4] Exploring less charted territory. Erkundet wenig bekanntes Terrain.} Be7 11. bxc5 Nxf3+ $146 ({Predecessor:} 11... Qxc5 12. c3 Nxf3+ 13. Qxf3 O-O 14. d4 Qc7 15. Ba3 Rd8 16. dxe5 dxe5 17. Bxe7 Qxe7 {1-0 (29) Gazen,L (1947)-Ederer,K (1982) LSS email 2016}) 12. Qxf3 Qxc5 13. Ba3 Qc7 14. d4 O-O 15. Bd3 Re8 16. Qg3 Bf6 17. dxe5 Bxe5 18. Bb2 Bd7 19. Qh4 g6 20. Bxe5 Rxe5 21. Rxe5 dxe5 22. Qf6 Re8 23. Rb1 b5 24. Qxa6 Rc8 25. Bxb5 Bxb5 26. Qxb5 Qxc2 27. h3 Qxa2 28. d6 Qd2 29. Qxe5 Rd8 30. Rb6 Qd1+ 31. Kh2 Qd3 32. Qe7 Rf8 33. d7 Ra8 34. Rd6 1-0

[Event "Titled Tuesday intern op 22nd Nov Early"]
[Site "Chess.com INT"]
[Date "2022.11.22"]
[Round "8"]
[White "Zhigalko, Sergei"]
[Black "Artemenko, Oleg"]
[Result "1-0"]
[WhiteElo "2572"]
[BlackElo "2246"]
[PlyCount "97"]
[EventDate "2022.11.22"]
[EventType "swiss (blitz)"]
[EventRounds "11"]
[EventCountry "USA"]
[SourceTitle "Mega2023 Update 04"]
[Source "Chessbase"]
[SourceDate "2022.12.03"]
[SourceVersion "1"]
[SourceVersionDate "2022.12.03"]
[SourceQuality "1"]

1. e4 e6 2. d4 d5 3. e5 c5 4. c3 Nc6 5. Nf3 Qb6 6. Bd3 Bd7 7. dxc5 Bxc5 8. O-O Nh6 9. b4 Be7 10. Qe2 $5 {[%mdl 4] Leaves trodden paths. Verlässt die ausgetretenen Pfade.} a6 11. Nbd2 Nf5 $146 ({Predecessor:} 11... Rc8 12. Nb3 Na7 13. Be3 {1-0 (13) Faraoni,E (2075)-Regorda,V (1828) Codogno 2012}) 12. Nb3 Qc7 13. Bf4 Nh4 14. Nxh4 Bxh4 15. Nc5 Be7 16. Nxd7 Qxd7 17. Rad1 h5 18. a3 g5 19. Bc1 Qc7 20. Rfe1 O-O-O 21. a4 Kb8 22. Bd2 g4 23. Rb1 Na7 24. Be3 Rc8 25. b5 axb5 26. axb5 b6 27. Ra1 Bc5 28. Ra6 Kb7 29. Rea1 Ra8 30. Qa2 Qb8 31. Bxc5 bxc5 32. Qa5 Rd8 33. Rb6+ Kc8 34. Rxb8+ Rxb8 35. Qxa7 Rd7 36. Qa6+ Rdb7 37. Qd6 Rd7 38. Qxc5+ Rc7 39. Qf8+ Kb7 40. Qd6 Rxc3 41. Bf1 Rbc8 42. Qa6+ Kc7 43. b6+ Kd8 44. b7 Rb8 45. Qd6+ Ke8 46. Qxb8+ Ke7 47. Qd6+ Ke8 48. b8=Q+ Rc8 49. Qxc8# 1-0

[Event "Titled Tuesday intern op 22nd Nov Early"]
[Site "Chess.com INT"]
[Date "2022.11.22"]
[Round "10"]
[White "Csonka, Balazs"]
[Black "Zhigalko, Sergei"]
[Result "0-1"]
[WhiteElo "2497"]
[BlackElo "2572"]
[PlyCount "154"]
[EventDate "2022.11.22"]
[EventType "swiss (blitz)"]
[EventRounds "11"]
[EventCountry "USA"]
[SourceTitle "Mega2023 Update 04"]
[Source "Chessbase"]
[SourceDate "2022.12.03"]
[SourceVersion "1"]
[SourceVersionDate "2022.12.03"]
[SourceQuality "1"]

1. d4 Nf6 2. c4 e6 3. Nc3 Bb4 4. Qc2 O-O 5. a3 Bxc3+ 6. Qxc3 d6 7. Nf3 Nbd7 8. g3 b6 9. Bg2 Bb7 10. O-O a5 11. b3 Qb8 {Recently 11...Be4 got a lot of attention. 11...Le4 erhält neuerdings viel Aufmerksamkeit.} 12. Bb2 Be4 13. Rfe1 b5 $146 ({Predecessor:} 13... Ra7 14. Bh3 b5 15. Nd2 bxc4 16. bxc4 Nb6 17. d5 Bg6 18. Qc1 e5 19. f4 Na4 20. fxe5 Nxd5 21. cxd5 Nxb2 {0-1 (38) Nguyen,Q (2268)-Tran,T (2495) Hanoi 2022}) 14. Bh3 bxc4 15. bxc4 Nb6 16. Bc1 Na4 17. Qe3 Re8 18. Qf4 Qb3 19. Nd2 Qc3 20. Ra2 Bb1 21. Bb2 Nxb2 22. Rxb1 Nxc4 23. Nxc4 Qxc4 24. Rab2 Nd5 25. Qd2 Nc3 26. Ra1 Ne4 27. Qd3 Qxd3 28. exd3 Nf6 29. Rc1 Ra7 30. Bg2 g6 31. Bc6 Rd8 32. Rb5 h5 33. f3 Kf8 34. Kf2 Ke7 35. Ke3 Nd7 36. Kd2 Nb6 37. h4 Rb8 38. Rcb1 Rg8 39. f4 Rd8 40. Re1 Rb8 41. Reb1 d5 42. Ke2 Kd6 43. Rc5 Ra6 44. Bb5 Ra7 45. Rc6+ Ke7 46. Rbc1 Na8 47. a4 Rb6 48. R6c5 Rd6 49. Ke3 Kd8 50. Ke2 Nb6 51. Kf2 Nc8 52. Kf3 Ne7 53. Bc6 Nf5 54. Kf2 Nxd4 55. Bb5 Rb6 56. R1c3 Nf5 57. Rc1 Nd6 58. Bc6 Raa6 59. Kf3 Rb3 60. g4 Rxd3+ 61. Ke2 Rb3 62. gxh5 gxh5 63. Bxd5 exd5 64. Rxc7 Nc4 65. Rxf7 Re6+ 66. Kf2 Rb2+ 67. Kg1 Rg6+ 68. Kh1 Rg4 69. Re1 Rxh4+ 70. Kg1 Rg4+ 71. Kh1 Rh4+ 72. Kg1 Rhh2 73. Rf8+ Kd7 74. Rf7+ Kd6 75. Rf6+ Kc5 76. Rg6 Rhc2 77. Re8 Rc1+ 0-1

[Event "Titled Tuesday intern op 22nd Nov Late"]
[Site "Chess.com INT"]
[Date "2022.11.22"]
[Round "4"]
[White "Firouzja, Alireza"]
[Black "Zhigalko, Sergei"]
[Result "1-0"]
[WhiteElo "2785"]
[BlackElo "2572"]
[PlyCount "51"]
[EventDate "2022.11.22"]
[EventType "swiss (blitz)"]
[EventRounds "11"]
[EventCountry "USA"]
[SourceTitle "Mega2023 Update 04"]
[Source "Chessbase"]
[SourceDate "2022.12.03"]
[SourceVersion "1"]
[SourceVersionDate "2022.12.03"]
[SourceQuality "1"]

1. d4 Nf6 2. Bg5 d5 3. e3 c5 4. Bxf6 gxf6 5. dxc5 e6 6. c4 dxc4 7. Nd2 c3 8. bxc3 Bxc5 9. Qh5 $1 {[%mdl 4] outshines the older 9.Ngf3. erfolgreicher als das alte 9.Sgf3.} Nd7 10. Ngf3 Qa5 $146 ({Predecessor:} 10... Qc7 11. Be2 Ne5 12. O-O Bd7 13. Ne4 Be7 14. Nd4 Ng6 15. Nb5 Qb8 16. Rfd1 Bc6 {0-1 (46) Wiley,T (2169)-Camarena Gimenez,R (2308) Olomouc 2022}) 11. Rb1 Qxc3 12. Bb5 Be7 13. O-O f5 14. Rfc1 Qg7 15. Nd4 O-O 16. Bxd7 Bxd7 17. Rxb7 Rfd8 18. Rcc7 Bc8 19. Rxe7 Bxb7 20. Rxb7 Rab8 21. Rxb8 Rxb8 22. g3 Rb2 23. N2f3 Qg4 24. Qh6 Rxa2 25. Qf6 Qh3 26. Nxe6 1-0

[Event "Titled Tuesday intern op 22nd Nov Late"]
[Site "Chess.com INT"]
[Date "2022.11.22"]
[Round "9"]
[White "Zhigalko, Sergei"]
[Black "Caruana, Fabiano"]
[Result "1-0"]
[WhiteElo "2572"]
[BlackElo "2766"]
[PlyCount "65"]
[EventDate "2022.11.22"]
[EventType "swiss (blitz)"]
[EventRounds "11"]
[EventCountry "USA"]
[SourceTitle "Mega2023 Update 04"]
[Source "Chessbase"]
[SourceDate "2022.12.03"]
[SourceVersion "1"]
[SourceVersionDate "2022.12.03"]
[SourceQuality "1"]

1. e4 c5 2. Nf3 d6 3. d4 cxd4 4. Qxd4 Nc6 5. Bb5 Bd7 6. Bxc6 bxc6 7. c4 e5 {7...e5 scores better than 7...Qb6. 7...e5 punktet besser als 7...Db6.} 8. Qd3 Nf6 9. O-O Qc7 10. Nc3 Be7 11. h3 O-O 12. Re1 $146 ({Predecessor:} 12. b3 Be6 13. Bb2 Nh5 14. Ne2 f5 15. exf5 Bxf5 16. Qe3 Be6 17. c5 Bd5 18. cxd6 Bxd6 19. Nxe5 {0-1 (50) Hua,E (2218)-Vettese,N (2102) Mississauga 2017}) 12... h6 13. Be3 Be6 14. Rad1 Nd7 15. b3 f5 16. c5 Nxc5 17. Bxc5 dxc5 18. exf5 Rxf5 19. Qe4 Re8 20. Nxe5 Bf6 21. f4 Bxe5 22. fxe5 Rg5 23. Rd3 c4 24. Rde3 cxb3 25. axb3 Bxb3 26. Qf4 a5 27. Ne4 a4 28. Nxg5 hxg5 29. Qxg5 Be6 30. Rg3 c5 31. Re4 c4 32. Rh4 Rf8 33. Qh6 1-0

[Event "Titled Tuesday intern op 22nd Nov Late"]
[Site "Chess.com INT"]
[Date "2022.11.22"]
[Round "11"]
[White "Zhigalko, Sergei"]
[Black "Rosen, Eric S"]
[Result "1-0"]
[WhiteElo "2572"]
[BlackElo "2356"]
[PlyCount "159"]
[EventDate "2022.11.22"]
[EventType "swiss (blitz)"]
[EventRounds "11"]
[EventCountry "USA"]
[SourceTitle "Mega2023 Update 04"]
[Source "Chessbase"]
[SourceDate "2022.12.03"]
[SourceVersion "1"]
[SourceVersionDate "2022.12.03"]
[SourceQuality "1"]

1. e4 c5 2. Nf3 d6 3. d4 Nf6 4. Nc3 cxd4 5. Qxd4 g6 6. e5 Nc6 7. Bb5 Nh5 8. exd6 $5 {[%mdl 4] A promising side line. Eine vielversprechende Nebenvariante.} Bg7 9. Qc5 Qxd6 10. Qxd6 exd6 11. Be3 a6 $146 ({Predecessor:} 11... O-O 12. O-O-O Rd8 13. Ng5 h6 14. Nge4 Bf8 15. Be2 Kg7 16. Nd5 f5 17. Nec3 Bd7 {1-0 (39) Nguyen,T (1861)-Randrianarimanana,A (1872) Agen 2018}) 12. Ba4 b5 13. Bb3 Be6 14. O-O-O O-O-O 15. Nd5 Kb7 16. Ng5 Na5 17. Rhe1 Nxb3+ 18. axb3 Rhe8 19. Nf4 Nxf4 20. Bxf4 Kc6 21. Re3 h6 22. Nf3 g5 23. Bg3 f5 24. Rde1 Bf7 25. Rxe8 Rxe8 26. Rxe8 Bxe8 27. h4 f4 28. Bh2 Bf6 29. hxg5 hxg5 30. Ne1 a5 31. f3 Bd4 32. c3 Be3+ 33. Kd1 Bf7 34. b4 Bb3+ 35. Ke2 Bc1 36. Nd3 Bc4 37. bxa5 Bxb2 38. Kd2 Ba3 39. Bg1 d5 40. a6 Bd6 41. Bd4 b4 42. a7 Kb7 43. Nxb4 Bxb4 44. cxb4 Bf1 45. Ke1 Bxg2 46. Kf2 Bh3 47. b5 Bd7 48. b6 Bc6 49. Bc5 Ka6 50. Kg2 Kb5 51. Bd4 Ka6 52. Kh3 Bd7+ 53. Kg2 Bc6 54. Kf2 Kb5 55. Ke2 Bb7 56. Kd3 Kc6 57. Bg1 Ba6+ 58. Kd4 Bb7 59. Ke5 Kb5 60. Kf5 d4 61. Bxd4 Bxf3 62. Kxg5 Bb7 63. Kxf4 Kc6 64. Ke5 Ba8 65. Ke6 Bb7 66. Ke7 Ba8 67. Kd8 Kb7 68. Kd7 Ka6 69. Kc7 Bb7 70. Kb8 Bc6 71. a8=Q+ Bxa8 72. Kxa8 Kb5 73. b7 Kc4 74. b8=Q Kd3 75. Ba7 Ke4 76. Qd6 Kf3 77. Qd4 Ke2 78. Qe3+ Kd1 79. Qf2 Kc1 80. Kb7 1-0

[Event "Titled Tuesday intern op 06th Dec Early"]
[Site "Chess.com INT"]
[Date "2022.12.06"]
[Round "1"]
[White "Garv, Gaur"]
[Black "Zhigalko, Sergei"]
[Result "0-1"]
[WhiteElo "1973"]
[BlackElo "2572"]
[PlyCount "114"]
[EventDate "2022.12.06"]
[EventType "swiss (blitz)"]
[EventRounds "11"]
[EventCountry "USA"]
[SourceTitle "Mega2023 Update 06"]
[Source "Chessbase"]
[SourceDate "2022.12.16"]
[SourceVersion "1"]
[SourceVersionDate "2022.12.16"]
[SourceQuality "1"]

1. d4 Nf6 2. Nf3 e6 3. c4 b6 4. g3 Ba6 5. b3 Bb4+ 6. Bd2 Be7 7. Nc3 O-O {7...d5 is more fashionable. 7...d5 ist modischer.} 8. e4 d5 9. Bd3 c5 10. e5 Nfd7 $146 ({Vorgänger:} 10... cxd4 11. Ne2 Ne4 12. Bxe4 dxe4 13. Nfxd4 Bb7 14. O-O Nd7 15. Be3 Nxe5 16. Qc2 Bc5 17. Rfd1 Qf6 18. h4 h6 19. Rab1 Rfd8 20. Kg2 Nd3 21. Rf1 a6 22. Qc3 e5 {0-1 (22) Melone,A (1842)-Gallucci,A (2240) Turin 2009}) 11. Qc2 cxd4 12. Ne2 h6 13. Nexd4 Nc5 14. Be2 dxc4 15. Bxc4 Bb7 16. O-O Nc6 17. Bc3 Nxd4 18. Nxd4 Qc7 19. Nb5 Qc6 20. f3 Rfd8 21. Rad1 a6 22. Nd4 Qc7 23. Qe2 b5 24. Bd3 Nxd3 25. Rxd3 Bc5 26. Rfd1 Rd5 27. Kg2 Rxe5 28. Qd2 Rd5 29. Ne2 Rad8 30. Qc2 Bf8 31. Rxd5 Rxd5 32. Rxd5 Bxd5 33. Qd3 b4 34. Bb2 Qa5 35. a4 bxa3 36. Bc3 Qb5 37. Qd2 Qxb3 38. Nd4 Qa2 39. Qxa2 Bxa2 40. Nc2 Bb3 41. Na1 Bd5 42. Nc2 a2 43. Kf2 Bc5+ 44. Ke2 f6 45. f4 Kf7 46. Na1 h5 47. Nc2 Kg6 48. h3 Bg2 49. h4 Be4 50. Na1 Kf5 51. Nb3 Bb6 52. Nd2 Bd5 53. Nf3 Bxf3+ 54. Kxf3 Bc7 55. Ba1 e5 56. Bb2 exf4 57. gxf4 Bxf4 0-1

[Event "Titled Tuesday intern op 06th Dec Early"]
[Site "Chess.com INT"]
[Date "2022.12.06"]
[Round "2"]
[White "Zhigalko, Sergei"]
[Black "Itgelt, Khuyagtsogt"]
[Result "1-0"]
[WhiteElo "2572"]
[BlackElo "2158"]
[PlyCount "71"]
[EventDate "2022.12.06"]
[EventType "swiss (blitz)"]
[EventRounds "11"]
[EventCountry "USA"]
[SourceTitle "Mega2023 Update 06"]
[Source "Chessbase"]
[SourceDate "2022.12.16"]
[SourceVersion "1"]
[SourceVersionDate "2022.12.16"]
[SourceQuality "1"]

1. e4 e5 2. Nf3 Nc6 3. Bb5 Nf6 4. d3 Bc5 5. Bxc6 dxc6 6. Nbd2 Be6 7. O-O Nd7 {7...Bd6 is the fancy move. 7...Ld6 ist der angesagte Zug.} 8. Nb3 Bd6 9. Na5 Qc8 10. Ng5 Nc5 $146 ({Vorgänger:} 10... Nf8 11. Qh5 h6 12. Nxe6 Nxe6 13. Be3 c5 14. Nc4 g6 15. Qh4 Qd8 16. Qg3 Qf6 17. Nxd6+ cxd6 {½-½ (37) So,W (2772)-Xiong,J (2687) Chess.com INT 2021}) 11. b4 Na6 12. a3 Bd7 13. f4 h6 14. Nxf7 O-O 15. Nxe5 Bxe5 16. fxe5 Rxf1+ 17. Qxf1 Be6 18. Be3 Nb8 19. Qf3 b6 20. Nb3 Nd7 21. d4 Qa6 22. d5 cxd5 23. exd5 Nxe5 24. Qg3 Ng4 25. dxe6 Qc4 26. Bd4 Qxe6 27. Re1 Qf5 28. h3 Nf6 29. Bxf6 Qxf6 30. Qxc7 Rf8 31. Kh2 Kh8 32. Qg3 Qb2 33. Qd6 Rf6 34. Re8+ Kh7 35. Qd3+ Rg6 36. Re6 1-0